00398nam a22001577a 45000030006000000050017000060080041000230280015000640400008000790500016000870820008001032450073001112600032001843000010002167000014002263355720250223161152.0240721b |||||||| |||| 00| 0 eng d bKogan Page cDDC a658.312 ARM 24th aArmstrong's Handbook of Performance Management by Armstrong, Michael aNew DelhibKogan Pagec2010 g22 CM dArmstrong